000 00732nam a2200277Ia 4500
008 160803s9999 xx 000 0 und d
020 _a9780439703635
100 _aDoyle, Debra
245 _aSecret of the tower /
245 _cby Debra Doyle and James D. Macdonald ; illustrated by Judith Mitchell.
260 _aNew York :
260 _bScholastic Inc.
260 _c2004
300 _a134 pages :
300 _billustrations ;
300 _c20 cm.
650 _aAdventure stories.
650 _aFantasy.
650 _aKnights and knighthood --
650 _aWizards --
650 _aWizards --
650 _xFiction.
650 _xJuvenile fiction.
650 _xJuvenile fiction.
700 _a800
999 _c298659
_d298659